| 000 | 00475cam a22001934a 4500 | ||
|---|---|---|---|
| 005 | 20250605164250.0 | ||
| 008 | 250528s ||||||||||||||||||||||||d | ||
| 035 | _a21700 | ||
| 020 | _a9780521626002 | ||
| 040 |
_aGR-AtMCL _bgre _dGR-AtMCL _eAACR2 |
||
| 245 | 1 | _aBASIC GRAMMAR IN USE WITH ANSWERS | |
| 250 | _a2 | ||
| 260 |
_bCambridge University Press, _c2002 |
||
| 300 | _a302 | ||
| 700 | 1 |
_aMurphy Raymond _95167 |
|
| 942 | _cBK | ||
| 999 |
_c6760 _d6760 |
||